000 00905cab a2200265 4500
001 ABS50791
008 090401t1994 xxu||||| |||| 00| 0 eng d
035 _a(Sirsi) u47669
041 _aeng
100 _aPowell-Smith, V.
245 _aIt is time to enforce negotiating in good faith
260 _c1994
350 _a0
490 _aContract Journal
_v374(5979) 16-22 June 1994, 12(1)
520 _aDiscusses `lock-out agreements` in relation to negotiation in building contracts, looking at the decision in "Walford v Miles" (Abs46158).
650 _aBUILT ENVIRONMENT-BUILDING CONTRACT FORMS
650 _aCONTRACT TO NEGOTIATE
650 _aCOURTNEY & FAIRBAIRN LTD V TOLAINI BROTHERS(HOTELS) LTD
650 _aLOCK-OUT AGREEMENTS
650 _aNEGOTIATION
650 _aWALFORD V MILES
690 _aBUILT ENVIRONMENT-BUILDING CONTRACT FORMS
942 _n0
948 _c04/03/1997
999 _c30046
_d30046